Регионална библиотека "Любен Каравелов" - Русе

Алинските стенописи (Запис номер 94255)

MARC детайли
000 -Лидер
Контролно поле с фиксирана дължина 01654nam a2200361 c 4500
003 - Код на организацията, давaща контролен номер
Контролно поле BLK
005 - Дата и час на последна редакция
Контролно поле 20180422104912.0
008 - Елементи от данни с фиксирана дължина
fixed length control field 180408b bul|||||r ||||||| ||bul||
010 ## - Наследен системен номер
LC control number KNG00099073000
040 ## - Източник на каталожния запис
Идентификатор на билиотеката - собственик на записа BLK
041 ## - Код за език
Код за езика на текст/звукозапис или на отделно заглавие Български
Код за езика КДБФ Български
080 ## - УДК
Текстов определител УДК Религиозна живопис
УДК код - определител по УДК 75.046
УДК определител (497.2)
УДК - код + определител 75.046(497.2)
080 ## - УДК
Текстов определител УДК Архитектура на християнските храмове и църкви (общи въпроси)
УДК код - определител по УДК 726.5
УДК определител (497.2)
УДК - код + определител 726.5(497.2)
100 1# - Редна дума - Автор
Автор Флорева, Елена
Авторска отговорност първи автор
R(LIN) 373956
139 ## - Редно поле
Редна дума Флорева, Елена
Авторски знак Флор - Ф 64
245 10 - Сведения за заглавието
Заглавие Алинските стенописи
Редно поле (дума) Елена Флорева; * Атанас Шаренков.
257 ## - Страна на издаване
Страна на създаване/издаване България
260 ## - Област на издателските данни
-- София
Име на издателя, разпространителя и проч. Бълг. художник
Година на издаване 1983
300 ## - Физическа характеристика
Страници 216 с.
Илюстрации и др. с ил., факс.
Размери/Мащаб 27 см
380 ## - Жанр
Жанр Изкуство
490 1# - СЕРИИ (Колекции)
Име на серия Поредица Паметници на старата българска монументална живопис
500 ## - Общи забележки
Забележка Съдържа и статията Технология и техника на стенописите / Атанас Шаренков. - Рез. на фр., нем.
650 #4 - Допълнително описание по предмет – тема
Основно описание – тема или топоним Живопис - България
9 (RLIN) 242598
650 #4 - Допълнително описание по предмет – тема
Основно описание – тема или топоним Стенописи - България
9 (RLIN) 305806
653 ## - Ключова дума – ненормативна
Ключова дума стенописи
653 ## - Ключова дума – ненормативна
Ключова дума религиозна живопис
700 1# - Други автори (авторска отговорност)
Лично име Шаренков, Атанас
Автороска отговорност (Описва отношението между автора и произведението) *
9 (RLIN) 305838
852 ## - Местоположение
Форматна сигнатура Цб ІІ 6457
856 4# - Електронен адрес и достъп
Електронен формат pdf - файл
Път до файла /url/
856 4# - Електронен адрес и достъп
Електронен формат pdf - файл
Път до файла /url/
942 ## - АРТИКУЛИ
Вид на библиотечния материал Книги
Скрит в OPAC Не
944 ## - СЪЗДАВАНЕ И РЕДАКЦИЯ на ЗАПИСА
Създаване/Редакция Създаване
Дата на регистрацията/редакция 21.01.2011
Статус, дата на статуса добави в АБ / 20.01.2011
Служител, извършил регистрацията/редакцията Наталия_Любомирова
944 ## - СЪЗДАВАНЕ И РЕДАКЦИЯ на ЗАПИСА
Създаване/Редакция Редакция
Дата на регистрацията/редакция 12.10.2015
Статус, дата на статуса добави в АБ / 20.01.2011
Служител, извършил регистрацията/редакцията
999 ## - СИСТЕМНИ КОНТРОЛНИ НОМЕРА
Koha biblionumber 94255
Koha biblioitemnumber 94255
Наличности
Код за отписване Код за изгубен артикул Източник на класификационната схема Код за повреда Коз за рестрикции Код за отдаване Артикулен № Име на библиотеката - собственик Име на библиотеката, в която се намира в момента Статус (Текущо местоположение) Дата на вписване в системата Местоположение - отдел Цена в лева Инвентарен номер Систематично азбучна сигнатура Баркод Номер на екземпляра Цена в евро Служебна бележка Служебен тип на артикула
  Не е изгубен Universal Decimal Classification Не е повреден без рестрикции заемане за дома 151379 Регионална библиотека "Любен Каравелов" Русе Регионална библиотека "Любен Каравелов" Русе Отдел Изкуство - подръчен фонд 1983-01-01 Отдел Изкуство - подръчен фонд 12.00 382873 75.04/Ф 64 120000382873 1 6.14 N: стар фонд Дата: 01.01.1983 Дата инв: 07.06.2012 Бележки инв: * Книги
  Не е изгубен Universal Decimal Classification Не е повреден само за читалня ползва се в читалня 151380 Регионална библиотека "Любен Каравелов" Русе Регионална библиотека "Любен Каравелов" Русе Хранилище 1983-01-01 Хранилище 12.00 382210 Цб ІІ 6457 120000382210 2 6.14 Дост: Dp Вид: Д N: стар фонд Дата: 01.01.1983 Книги
Vip Innovations Ltd, Rousse, Bulgaria 2025